Statystyki dla Zdobywcy najszybszego okrążenia w Formule 1

Kliknij tutaj aby rozwiązać quiz!

Ogólne statystyki

  • Ten quiz został rozwiązany 145 razy
  • Średni wynik to 35 z 133

Statystyki odpowiedzi

Liczba NOKrajKierowca% Poprawnych
48Wielka BrytaniaLewis Hamilton
98%
77NiemcyMichael Schumacher
95%
38NiemcySebastian Vettel
95%
8NiemcyRalf Schumacher
90%
46FinlandiaKimi Raikkonen
88%
23HiszpaniaFernando Alonso
86%
19BrazyliaAyrton Senna
83%
7HolandiaMax Verstappen
83%
1BrazyliaBruno Senna
81%
1PolskaRobert Kubica
81%
13FinlandiaValtteri Bottas
79%
25AustriaNiki Lauda
78%
41FrancjaAlain Prost
76%
4MeksykSergio Perez
76%
20NiemcyNico Rosberg
75%
3FinlandiaKeke Rosberg
74%
4MonakoCharles Leclerc
73%
8Wielka BrytaniaJenson Button
70%
13AustraliaDaniel Ricciardo
67%
28FinlandiaMika Hakkinen
67%
1HiszpaniaCarlos Sainz
64%
1Wielka BrytaniaLando Norris
63%
2NIemcyJochen Mass
60%
19AustraliaMark Webber
60%
2FrancjaPierre Gasly
58%
15BrazyliaFelipe Massa
55%
24ArgentynaJuan Manuel Fangio
55%
2DaniaKevin Magnussen
55%
1RosjaDaniil Kvyat
49%
17BrazyliaRubens Barrichello
48%
10Wielka BrytaniaDamon HIll
45%
19Wielka BrytaniaDamon Hill
45%
6Stany ZjednoczonePhil HIll
44%
23BrazyliaNelson Piquet
43%
1FrancjaRomain Grosjean
43%
2NiemcyNico Hulkenberg
40%
30Wielka BrytaniaNigel Mansell
37%
1JaponiaKamui Kobayashi
36%
15Wielka BrytaniaJackie Stewart
34%
8KanadaGilles Villeneuve
33%
5WłochyGiuseppe Farina
33%
9KanadaJacques Villeneuve
33%
12KolumbiaJuan Pablo Montoya
32%
6BrazyliaEmerson Fittipaldi
31%
8Wielka BrytaniaJames Hunt
30%
12WłochyAlberto Ascari
29%
12AustraliaJack Brabham
29%
1WłochyJarno Trulli
29%
18Wielka BrytaniaDavid Coulthard
27%
2FinlandiaHeikki Kovalainen
26%
5RPAJody Scheckter
25%
1RosjaVitaly Petrov
25%
19Wielka BrytaniaStirling Moss
23%
1NiemcyTimo Glock
23%
13AustraliaAlan Jones
22%
10Stany ZjednoczoneMario Andretti
22%
2WłochyGiancarlo Fisichella
21%
3AustriaJochen Rindt
21%
21AustriaGerhard Berger
19%
14BelgiaJacky Ickx
19%
3Nowa ZelandiaBruce Mclaren
18%
9Nowa ZelandiaDenny Hulme
18%
6Wielka BrytaniaMike Hawthorn
18%
2NiemcyNick Heidfeld
18%
9SzwecjaRonnie Peterson
17%
6ArgentynaCarlos Reutemann
16%
15SzwajcariaClay Regazzoni
15%
1MeksykEsteban Gutiérrez
15%
4FrancjaJean Alesi
14%
13WłochyRiccardo Patrese
14%
1NiemcyAdrian Sutil
13%
1MeksykPedro Rodriguez
13%
11Wielka BrytaniaJohn Surtees
12%
1Wielka BrytaniaEddie Irvine
11%
12FrancjaRene Arnoux
11%
6NiemcyHeinz-Harald Frentzen
10%
1HiszpaniaPedro de la Rosa
10%
5WłochyMichele Alboreto
9%
1JaponiaSatoru Nakajima
9%
5FrancjaDidier Pironi
8%
5BrazyliaJose Carlos Pace
8%
1AustriaAlexander Wurz
7%
5Wielka BrytaniaJohn Watson
6%
6ArgentynaJose Froilan Gonzalez
6%
4SzwajcariaJo Siffert
6%
1BelgiaThierry Boutsen
6%
2WłochyAlessandro Nannini
5%
2FrancjaFrancois Cevert
5%
7FrancjaJacques Laffite
5%
6Stany ZjednoczoneDan Gurney
4%
2Wielka BrytaniaDerek Warwick
4%
1Wielka BrytaniaJonathan Palmer
4%
3Wielka BrytaniaTony Brooks
4%
1WłochyAndrea de Cesaris
3%
3Nowa ZelandiaChris Amon
3%
1WłochyLuigi Musso
3%
3Stany ZjednoczoneRichie Ginther
3%
1WłochyGiancarlo Baghetti
2%
1SzwecjaGunnar Nilsson
2%
1Wielka BrytaniaInnes Ireland
2%
1FrancjaJean Behra
2%
4FrancjaJean-Pierre Beltoise
2%
1Stany ZjednoczoneJohnnie Parsons
2%
1NiemcyKarl Kling
2%
1Stany ZjednoczoneLee Wallard
2%
1Wielka BrytaniaMike Hailwood
2%
4FrancjaPatrick Depailler
2%
2FrancjaPatrick Tambay
2%
1WłochyPiero Taruffi
2%
1WłochyVittorio Brambilla
2%
3FrancjaJean-Pierre Jarier
1%
2WłochyLorenzo Bandini
1%
1WłochyLudovico Scarfiotti
1%
1FrancjaMaurice Trintignant
1%
1BrazyliaMaurício Gugelmin
1%
1Stany ZjednoczonePaul Russo
1%
2WłochyTeo Fabi
1%
1BelgiaBertrand Gachot
0%
3Stany ZjednoczoneBill Vukovick
0%
1Wielka BrytaniaBrian Henton
0%
1NIemcyHans Herrmann
0%
1FrancjaHenri Pescarolo
0%
1Wielka BrytaniaJackie Oliver
0%
1Stany ZjednoczoneJack McGrath
0%
2Stany ZjednoczoneJim Rathmann
0%
1Stany ZjednoczoneJohnny Thomson
0%
1WłochyLuigi Viloresi
0%
1SzwajcariaMarc Surer
0%
1ArgentynaOnofre Marimon
0%
1Wielka BrytaniaRichard Attwood
0%
1ArgentynaRoberto Mieres
0%
1BrazyliaRoberto Moreno
0%
1Stany ZjednoczoneTony Bettenhausen
0%

Rozkład punktacji

Percentyl według liczby udzielonych odpowiedzi

Procent ludzi z każdym wynikiem

Twoja historia wyników

Nie rozwiązałeś tego quizu